Statistics for Emma Tremblay Filmography

Click here to take the quiz!

General Stats

  • This quiz has been taken 2 times
  • The average score is 9 of 17

Answer Stats

TypeYearName% Correct
Film2017Juliana & the Medicine Fish
100%
TV Film2013Let It Snow
100%
Film2023Aliens Abducted My Parents and Now I Feel Kinda Left Out
50%
TV Film2022Caught in His Web
50%
Film2013Elysium
50%
TV Show2017Loudermilk
50%
Film2018Night Hunter
50%
TV Film2017Psych: The Movie
50%
TV Short2014Santa's Little Ferrets
50%
TV Show2017-2018Supergirl
50%
Film2014The Giver
50%
Film2014The Judge
50%
TV Show2015The Whispers
50%
TV Show2016Wayward Pines
50%
Film2017Wonder
50%
Short Film2015The Mary Alice Brandon File
0%
Web Series2022The Midnight Club
0%

Score Distribution

Percentile by Number Answered

Percent of People with Each Score

Your Score History

You have not taken this quiz